| 000 | 00382nam a22001697a 4500 | ||
|---|---|---|---|
| 003 | OSt | ||
| 005 | 20211222100736.0 | ||
| 008 | 211222b |||||||| |||| 00| 0 eng d | ||
| 020 | _a0-13-458266-7 | ||
| 040 | _cHU | ||
| 082 | _a004 | ||
| 100 |
_aDix Alan _924194 |
||
| 245 | _aHuman -Computer Interaction | ||
| 260 |
_aNew York _bLondon |
||
| 300 | _f570 | ||
| 942 |
_2ddc _cBOOKS _n0 |
||
| 999 |
_c23377 _d23377 |
||